| 000 | 00677nam a2200205Ii 4500 | ||
|---|---|---|---|
| 003 | JO-AjNU | ||
| 008 | 230605s9999||||xx |||||||||||||| ||und|| | ||
| 040 |
_aJO-AjNU _bara _erda _cJO-AjNU |
||
| 041 | _aara | ||
| 050 | 1 | 4 | _aBP189.7.H87 1997 |
| 100 | 3 |
_aالحسينية، فاطمة اليشرطية, _eauthor _940822 |
|
| 245 | 0 | 0 | _aمواهب الحق في الكرامات اليشرطية الشاذلية |
| 250 | _aط3 منقحة | ||
| 264 | 3 | 1 | _aد.م: المؤلف، 1997 |
| 300 | _a136ص | ||
| 336 |
_atext _btxt _2rdacontent |
||
| 337 |
_aunmediated _bn _2rdamedia |
||
| 338 |
_avolume _bnc _2rdacarrier |
||
| 650 | 4 |
_aالشاذلية- طرق صوفية _940823 |
|
| 999 |
_aA17355 _c20923 _d20923 |
||